[Event "Online Olym Disabilities"]
[Site "Tornelo INT"]
[Date "2020.11.27"]
[Round "7.18"]
[White "Othman, Saiful Azham"]
[Black "Zhukovskaya, Nina"]
[Result "1-0"]
[WhiteElo "1242"]
[BlackElo "1475"]
[PlyCount "91"]
[EventDate "2020.11.21"]
[EventType "team-swiss (rapid)"]
[EventRounds "7"]
[EventCountry "NET"]
[SourceTitle "CBM 199 Extra"]
[Source "ChessBase"]
[SourceDate "2021.01.31"]
[SourceVersion "1"]
[SourceVersionDate "2021.01.31"]
[SourceQuality "1"]
[WhiteTeam "Malaysia II"]
[BlackTeam "Kazakhstan"]
[WhiteTeamCountry "MAS"]
[BlackTeamCountry "KAZ"]

1. e4 g6 2. d4 d6 3. Nf3 Nf6 4. Bd3 Bg7 5. 0-0 0-0 6. Nc3 Nbd7 7. b3 e5 8. Bb2 Re8 9. Re1 b6 10. Qd2 Bb7 11. d5 Nc5 12. b4 Nxd3 13. Qxd3 a5 14. a3 Nd7 15. Nb5 Ba6 16. c4 Bxb5 17. cxb5 axb4 18. axb4 Nf6 19. h3 Qd7 20. Ra6 Rec8 21. Rea1 Qd8 22. Qc4 Rxa6 23. Rxa6 Ne8 24. Bc1 f6 25. Be3 Ra8 26. Qc6 Rb8 27. Nh4 Kf7 28. f3 Bf8 29. g4 h6 30. Kf2 Bg7 31. Ng2 g5 32. h4 Qc8 33. h5 Qd8 34. Kg3 Qc8 35. Ra7 Bf8 36. Ne1 Be7 37. Nc2 Bf8 38. Na3 Be7 39. Nc4 Qd8 40. Rb7 Ra8 41. Nd2 Ra4 42. Qc3 Ra8 43. Nb1 Qc8 44. Qc6 Ra4 45. Bxb6 Rxb4 46. Bxc7 1-0

[Event "Online Olym Disabilities"]
[Site "Tornelo INT"]
[Date "2020.11.25"]
[Round "5.25"]
[White "Othman, Saiful Azham"]
[Black "Guleryuz, Zeynep"]
[Result "0-1"]
[WhiteElo "1242"]
[BlackElo "1199"]
[PlyCount "82"]
[EventDate "2020.11.21"]
[EventType "team-swiss (rapid)"]
[EventRounds "7"]
[EventCountry "NET"]
[SourceTitle "CBM 199 Extra"]
[Source "ChessBase"]
[SourceDate "2021.01.31"]
[SourceVersion "1"]
[SourceVersionDate "2021.01.31"]
[SourceQuality "1"]
[WhiteTeam "Malaysia II"]
[BlackTeam "Turkey III"]
[WhiteTeamCountry "MAS"]
[BlackTeamCountry "TUR"]

1. e4 c5 2. Nf3 d6 3. c3 Nf6 4. h3 g6 5. Bc4 e6 6. d3 Bg7 7. 0-0 0-0 8. Be3 Nbd7 9. Qd2 b6 10. Bh6 Bb7 11. Bxg7 Kxg7 12. Ng5 d5 13. exd5 Nxd5 14. d4 Qf6 15. Nf3 Nf4 16. Be2 e5 17. dxe5 Nxe5 18. Nxe5 Qxe5 19. f3 Nxe2+ 20. Kh1 Ng3+ 21. Kg1 Nxf1 22. Kxf1 Rad8 23. Qc2 Qg3 24. Nd2 Rfe8 25. c4 Re2 26. Qc3+ Re5 27. Ne4 Bxe4 28. fxe4 Qxc3 29. bxc3 Rxe4 30. Kf2 Rxc4 31. Re1 Rd2+ 32. Ke3 Rxa2 33. Kd3 Rf4 34. Re7 Kf6 35. Rd7 Rff2 36. g4 Rfd2+ 37. Kc4 Rxd7 38. Kb5 Rd1 39. c4 Rd6 40. g5+ Kf5 41. h4 Ra5# 0-1